Informe anual, 1979
Sábháilte in:
| Údar corparáideach: | |
|---|---|
| Formáid: | Téacs |
| Foilsithe / Cruthaithe: |
San José:
Ministerio de Hacienda
|
| Clibeanna: |
Cuir clib leis
Níl clibeanna ann, Bí ar an gcéad duine le clib a chur leis an taifead seo!
|
MARC
| LEADER | 00000 a a2200000 04500 | ||
|---|---|---|---|
| 001 | 14989 | ||
| 003 | |||
| 040 | |||
| 090 | |a 026300 | ||
| 110 | |a Costa Rica. Ministerio de Hacienda | ||
| 245 | |a Informe anual, 1979 | ||
| 260 | |a San José: |b Ministerio de Hacienda | ||
| 300 | |a 30 p. | ||
| 999 | |c 15826 |d 15826 | ||
